Documentos relativos al gobierno del Brigadier Don Francisco Antonio García Carrasco

Gespeichert in:
Bibliographische Detailangaben
Hauptverfasser: Matta Vial, Enrique (autor), Infante, José Miguel (VerfasserIn), José Amor de la Patria (VerfasserIn), Toro Zambrano, Mateo de (VerfasserIn)
Körperschaft: Cabildo de Santiago (VerfasserIn)
Format: Buch
Sprache:Spanisch
Veröffentlicht: Santiago Imprenta Cervantes, Delicias, 1167 1910
Ausgabe:1a. ed
Schriftenreihe:Colección de Historiadores i de Documentos relativos a la Independencia de Chile, XVIII
Schlagworte:
Tags: Tag hinzufügen
Keine Tags, Fügen Sie den ersten Tag hinzu!

MARC

LEADER 00000nam a2200000 a 4500
001 UCJ7896
003 CL-VaPUC
008 070124e19100000CL |||||||||||||||||spa|d
082 0 4 |a 983  |b MAT  |2 21 
100 |a Matta Vial, Enrique  |e autor  |9 516430 
700 0 |a Infante, José Miguel  |e author  |9 443748 
700 0 |a José Amor de la Patria  |e author  |9 516380 
700 0 |a Toro Zambrano, Mateo de  |e author  |9 516381 
110 2 |a Cabildo de Santiago  |e author  |9 516382 
245 1 0 |a Documentos relativos al gobierno del Brigadier Don Francisco Antonio García Carrasco 
246 1 0 |a Catecismo Político Cristiano, dispuesto para el uso de la juventud de los pueblos de la América 
250 |a 1a. ed 
300 |a 367 p 
942 |c BK 
945 |d 20070124 00:00:00  |a rinostro 
260 |a Santiago  |b Imprenta Cervantes, Delicias, 1167  |c 1910 
600 0 7 |a REAL AUDIENCIA  |2 CL-VaPUC  |9 443659 
650 0 |a Historia de Chile  |9 265473 
650 0 |a Fuentes Históricas  |9 265141 
650 7 |a COLONIA  |2 CL-VaPUC  |9 516383 
583 |a last modification  |c 20070124 00:00:00  |k Rodrigo Vera 
490 0 |a Colección de Historiadores i de Documentos relativos a la Independencia de Chile, XVIII 
999 |c 323760  |d 323758 
952 |0 0  |1 0  |4 0  |6 983_000000000000000_MAT_1910  |7 0  |8 X  |9 403546  |a FDOBUD  |b FDOBUD  |d 2019-11-22  |i 1018906  |o 983 MAT 1910  |p 1018906  |r 2019-11-22  |w 2019-11-22  |y BK_X  |k BUD